<?xml version='1.0' encoding='UTF-8'?>
  <record xmlns="http://www.loc.gov/MARC21/slim">
    <leader>00000nem a2200000 i 4500</leader>
    <controlfield tag="001">ocn980444903</controlfield>
    <controlfield tag="003">OCoLC</controlfield>
    <controlfield tag="005">20250605035013.1</controlfield>
    <controlfield tag="008">981202s1742    gw        u     0   lat d</controlfield>
    <datafield tag="040" ind1=" " ind2=" ">
      <subfield code="a">QGJ</subfield>
      <subfield code="b">dut</subfield>
      <subfield code="c">QGJ</subfield>
      <subfield code="d">OCLCO</subfield>
      <subfield code="d">OCLCL</subfield>
      <subfield code="d">OCLCQ</subfield>
    </datafield>
    <datafield tag="035" ind1=" " ind2=" ">
      <subfield code="a">(OCoLC)980444903</subfield>
    </datafield>
    <datafield tag="245" ind1="0" ind2="0">
      <subfield code="a">Hemisphaerium coeli boreale, in quo loca stellarum fixarum secundum aequatorem per ascensiones nempe rectas et declinationes ad annum Christi 1730 completum sistuntur /</subfield>
      <subfield code="c">a Joh. Gabriele Doppelmaiero ; opera Joh. Bapt. Homanni.</subfield>
    </datafield>
    <datafield tag="264" ind1=" " ind2="1">
      <subfield code="a">Norimbergae :</subfield>
      <subfield code="b">[Heredes Homanniani],</subfield>
      <subfield code="c">[1742]</subfield>
    </datafield>
    <datafield tag="300" ind1=" " ind2=" ">
      <subfield code="a">1 kaart :</subfield>
      <subfield code="b">kopergravure, in kleur ;</subfield>
      <subfield code="c">50 x 59 cm</subfield>
    </datafield>
    <datafield tag="336" ind1=" " ind2=" ">
      <subfield code="a">cartographic image</subfield>
      <subfield code="b">cri</subfield>
      <subfield code="2">rdacontent</subfield>
    </datafield>
    <datafield tag="337" ind1=" " ind2=" ">
      <subfield code="a">unmediated</subfield>
      <subfield code="b">n</subfield>
      <subfield code="2">rdamedia</subfield>
    </datafield>
    <datafield tag="338" ind1=" " ind2=" ">
      <subfield code="a">sheet</subfield>
      <subfield code="b">nb</subfield>
      <subfield code="2">rdacarrier</subfield>
    </datafield>
    <datafield tag="500" ind1=" " ind2=" ">
      <subfield code="a">Cum Privilegio S. C. M.</subfield>
    </datafield>
    <datafield tag="500" ind1=" " ind2=" ">
      <subfield code="a">Verschenen in: Atlas coelestis in quo mundus spectabilis et in eodem stellarum omnium phoenomena notabilia ... secundum Nic. Copernici et ex parte Tychonis de Brahe hipothesin ... / Johann Gabriel Doppelmayr. - Nuremberg: Heredum Homannianorum, 1742. - (tabula 16).</subfield>
    </datafield>
    <datafield tag="500" ind1=" " ind2=" ">
      <subfield code="a">Deze sterrenkaart toont de sterrenbeelden ten noorden van de hemelevenaar, ingetekend voor de epoche 1731 volgens de sterrencatalogus van Johannes Hevelius. In de hoekpunten zijn diverse sterrenkundige hoekmeetinstrumenten afgebeeld, zoals de kwadrant, de sextant en de octant.</subfield>
    </datafield>
    <datafield tag="650" ind1=" " ind2="7">
      <subfield code="a">Melkweg (sterrenkunde)</subfield>
      <subfield code="0">(NL-LeOCL)078587395.</subfield>
      <subfield code="2">gtt</subfield>
    </datafield>
    <datafield tag="655" ind1=" " ind2="7">
      <subfield code="a">Kaarten (vorm)</subfield>
      <subfield code="0">(NL-LeOCL)088143554.</subfield>
      <subfield code="2">gtt</subfield>
    </datafield>
    <datafield tag="700" ind1="1" ind2=" ">
      <subfield code="a">Doppelmayr, Johann Gabriel,</subfield>
      <subfield code="d">1671-1750.</subfield>
      <subfield code="1">https://id.oclc.org/worldcat/entity/E39PBJdmjCHFxfmXttWYqmVHmd</subfield>
    </datafield>
    <datafield tag="700" ind1="1" ind2=" ">
      <subfield code="a">Homann, Johann Baptist,</subfield>
      <subfield code="d">1664-1724.</subfield>
      <subfield code="1">https://id.oclc.org/worldcat/entity/E39PBJdgXhJ6ryxHY9F84gFdwC</subfield>
    </datafield>
    <datafield tag="856" ind1="4" ind2="1">
      <subfield code="u">http://objects.library.uu.nl/reader/resolver.php?obj=002336145&amp;type=2</subfield>
      <subfield code="x">Online</subfield>
      <subfield code="z">Map</subfield>
    </datafield>
    <datafield tag="936" ind1=" " ind2=" ">
      <subfield code="a">BATCHLOAD</subfield>
    </datafield>
  </record>